Double S Girls' Names (1992) Quiz Stats

 Plays Quiz not verified by Sporcle

Challenge
Share
Tweet
Embed
Score 0/21 Timer 10:00
1 Play Today
First Letter Name % Correct
JJessie
96.9%
JJessica
96.2%
MMelissa
94.4%
A/EAlyssa
91.8%
VVanessa
91.5%
TTessa
85.8%
MMarissa
82.7%
C/KCassie
77.4%
C/KCassandra
76.2%
CClarissa
72.2%
LLarissa
66.5%
First Letter Name % Correct
C/KCarissa
64.9%
CCassidy
44.6%
JJanessa
37%
JJulissa
35.6%
AAnissa
30.9%
AAlessandra
28.2%
YYessenia
27%
PPrincess
23.8%
EEssence
10.3%
JJessenia
8.5%

You're not logged in!

Compare scores with friends on all Sporcle quizzes.
OR
Log In

You Might Also Like...

Show Comments

Extras

Top Quizzes Today


Score Distribution

Your Account Isn't Verified!

In order to create a playlist on Sporcle, you need to verify the email address you used during registration. Go to your Sporcle Settings to finish the process.

Report this User

Report this user for behavior that violates our Community Guidelines.

Details: